三井財閥史
Gardado en:
| Autor Principal: | |
|---|---|
| Formato: | Libro |
| Idioma: | Undetermined |
| Publicado: |
〔東村山〕
教育社
1985
|
| Những chủ đề: | |
| Các nhãn: |
Engadir etiqueta
Sen Etiquetas, Sexa o primeiro en etiquetar este rexistro!
|
| Thư viện lưu trữ: | Trung tâm Học liệu Trường Đại học Cần Thơ |
|---|
| LEADER | 00498nam a2200193Ia 4500 | ||
|---|---|---|---|
| 001 | CTU_95272 | ||
| 008 | 210402s9999 xx 000 0 und d | ||
| 082 | |a 338.8 | ||
| 082 | |b T645 | ||
| 100 | |a 栂井義雄(とがい よしお) | ||
| 245 | 0 | |a 三井財閥史 | |
| 245 | 0 | |c 栂井義雄 | |
| 260 | |a 〔東村山〕 | ||
| 260 | |b 教育社 | ||
| 260 | |c 1985 | ||
| 650 | |a Corporations | ||
| 650 | |z Japan | ||
| 904 | |i Ngoc | ||
| 980 | |a Trung tâm Học liệu Trường Đại học Cần Thơ | ||